000 00401pab a2200157 454500
008 180718b2017 xxu||||| |||| 00| 0 eng d
100 _aJayaprakash, N.D.
245 _aConning humanity in the name of disarmament
260 _c2017
300 _ap.35-46.
362 _a29 Jul
650 _aDisarmament
650 _aNuclear weapons
773 _aEconomic and Political Weekly
909 _a115995
999 _c115989
_d115989